Statistiques concernant Nationalités de célébrités

Cliquez ici pour prendre le quiz!

Statistiques générales

  • Ce quiz a été pris 62 fois
    (43 depuis la dernière actualisation)
  • Le résultat moyen est 7 sur 20

Statistiques - réponses

PersonnalitéAnnéesConnu(e) commeNationalité% Correct
Gerd Müller1945-2021FootballeurAllemande
83%
Robert Downey Jr.1965-ActeurAméricaine
78%
Pierre Mendès France1907-1982Homme politiqueFrançaise
78%
Monica Vitti1931-2022ActriceItalienne
73%
Fernando Alonso1981-Pilote automobileEspagnole
67%
Louis de Funès1914-1983ActeurFrançaise
67%
Tōru Iwatani1955-Concepteur de jeux vidéosJaponaise
67%
Jean-Louis Aubert1955-Auteur-compositeur-interprète, guitaristeFrançaise
63%
Claude Nougaro1929-2004Auteur-compositeur-interprèteFrançaise
57%
Kobe Bryant1978-2020BasketteurAméricaine
56%
David Douillet1969-JudokaFrançaise
56%
André-Paul Duchâteau1925-2020Romancier, BédéisteBelge
45%
Didier Auriol1958-Pilote automobileFrançaise
45%
Patrick Swayze1952-2009ActeurAméricaine
44%
Ginette Leclerc1912-1992ActriceFrançaise
44%
Eusébio1942-2014FootballeurPortugaise
42%
Jean-Martin Charcot1825-1893NeurologueFrançaise
38%
Jérôme de Verdière1973-Journaliste, animateur TV et radioFrançaise
33%
Ursula von der Leyen1958-Femme politiqueAllemande
30%
Queen Latifah1970-Chanteuse, rappeuseAméricaine
29%
Leslie Nielsen1926-2010ActeurCanadienne
27%
Alban Lenoir1980-ActeurFrançaise
25%
Gaston Doumergue1863-1937Homme politiqueFrançaise
25%
Gustav Mahler1860-1911CompositeurAutrichienne
23%
Otis Redding1941-1967ChanteurAméricaine
22%
James Woods1947-ActeurAméricaine
18%
John Savage1949-Acteur, ProducteurAméricaine
18%
Franck Esposito1971-NageurFrançaise
17%
Romain Duris1974-ActeurFrançaise
15%
Henri Génès1919-2005ActeurFrançaise
14%
Carl Wilson1946-1998Musicien, chanteurAméricaine
13%
Adrian Grenier1976-ActeurAméricaine
11%
Daniel Day-Lewis1957-ActeurBritannique
11%
Jonathan Swift1667-1745ÉcrivainIrlandaise
10%
Suzanne Collins1962-ÉcrivaineAméricaine
0%
Eric Dane1972-ActeurAméricaine
0%
J. J. Lionel1947-2020ChanteurBelge
0%
Morena Baccarin1979-ActriceBrésilienne
0%
Nick Drake1948-1974Auteur-compositeur-interprèteBritannique
0%
Donald Moffat1930-2018ActeurBritannique
0%
Leonard Cohen1934-2016Auteur-compositeur-interprèteCanadienne
0%
Pierce Brosnan1953-ActeurIrlandaise
0%
Marcus Garvey1887-1940Activiste politique, JournalisteJamaïcaine
0%

Distribution des résultats

Percentile par nombre de réponses

% des personnes avec chaque résultat

Votre développement - résultats

Vous n’avez pas pris ce quiz depuis la dernière actualisation